Klosterruine Eldena
| Titel: | Klosterruine Eldena / Dirk Brandt, André Lutze |
|---|---|
| Verfasser: | ; |
| In: |
Greifswalder Beiträge zur Stadtgeschichte, Denkmalpflege, Stadtsanierung, Band 4 (2010), Seite 16-19 alle Artikel anzeigen |
| Veröffentlicht: | 2010 |
| Umfang: | Illustrationen |
| Format: | Aufsatz |
| Sprache: | Deutsch |
X
alg: 48612209 001A $03025:07-10-21 001B $01999:07-10-21 $t22:35:44.000 001D $03025:07-10-21 001U $0utf8 001X $00 002@ $0Oou 002C $aText $btxt $2rdacontent 002D $aComputermedien $bc $2rdamedia 002E $aOnline-Ressource $bcr $2rdacarrier 003@ $0486122093 007A $0486122093 $aHEB 009Q $uhttps://www.greifswald.de/de/.galleries/Amt-60-Stadtbauamt/Greifswalder-Beitraege/2010_JG4_Sonderheft.pdf $xH 010@ $ager 010E $erda 011@ $a2010 021A $aKlosterruine Eldena $hDirk Brandt, André Lutze 028A $BVerfasser $4aut $71078283028 $8Brandt, Dirk$Z1971- [Tp3] $9366017578 028C $BVerfasser $4aut $7188469869 $8Lutze, André$Z1968- [Tp6] $9298667444 031A $d4 $h16-19 $j2010 034M $aIllustrationen 039B $aEnthalten in $8--Obvc--. Greifswalder Beiträge zur Stadtgeschichte, Denkmalpflege, Stadtsanierung. - Greifswald : Der Oberbürgermeister, Stadtbauamt, [2016]-. - Online-Ressource $x201000000040000984 $942852964X 044K $#Zisterzienserkloster $#Zisterzienserabtei $74493771-4 $8Kloster Eldena [Tb1] $9089132181 045F $a709.438160902 $eDDC23BSB 045F/01 $a709 045F/03 $f0902 lok: 48612209 78 exp: 48612209 78 1 #EPN 201B/01 $007-10-21 $t16:26:38.000 201C/01 $007-10-21 201U/01 $0utf8 203@/01 $01169968937 208@/01 $a07-10-21 $be 209A/01 $a/ $f000 $x00 209A/01 $ab*p $x01 220C/01 $aeja 244Z/01 $#Pommern $#Pommern $#Herzogtum Pommern $#Herzogthum Pommern $#Provinz Pommern $#Pomorze $74046744-2 $8--Tg1--Pommern $x06 $9085130354 247C/01 $82080>Marburg/Lahn, Herder-Institut, Forschungsbibliothek, Bibliographieportal $9336309341
| LEADER | 00000caa a2200000 c 4500 | ||
|---|---|---|---|
| 001 | 486122093 | ||
| 003 | DE-603 | ||
| 005 | 20211007223544.0 | ||
| 007 | cr|||||||||||| | ||
| 008 | 211007s2010 xx |||| o| u00||u|ger c | ||
| 035 | |a (DE-599)HEB486122093 | ||
| 040 | |a DE-603 |b ger |c DE-603 |d DE-603 |e rda | ||
| 041 | |a ger | ||
| 082 | 0 | 4 | |8 1\u |a 709.438160902 |q DE-101 |2 23/BSB |
| 085 | |8 1\u |b 709 | ||
| 085 | |8 1\u |z 1 |s 0902 | ||
| 100 | 1 | |a Brandt, Dirk |d 1971- |e Verfasser |4 aut |0 (DE-603)366017578 |0 (DE-588)1078283028 |2 gnd | |
| 245 | 0 | 0 | |a Klosterruine Eldena |c Dirk Brandt, André Lutze |
| 264 | 0 | |c 2010 | |
| 300 | |b Illustrationen | ||
| 336 | |a Text |b txt |2 rdacontent | ||
| 337 | |a Computermedien |b c |2 rdamedia | ||
| 338 | |a Online-Ressource |b cr |2 rdacarrier | ||
| 610 | 1 | 7 | |a Kloster Eldena |2 gnd |0 (DE-588)4493771-4 |0 (DE-603)089132181 |
| 700 | 1 | |a Lutze, André |d 1968- |e Verfasser |4 aut |0 (DE-603)298667444 |0 (DE-588)188469869 |2 gnd | |
| 773 | 0 | 8 | |i Enthalten in |t Greifswalder Beiträge zur Stadtgeschichte, Denkmalpflege, Stadtsanierung |d Greifswald : Der Oberbürgermeister, Stadtbauamt, [2016]- |h Online-Ressource |g Band 4 (2010), Seite 16-19 |w (DE-603)42852964X |w (DE-600)2926907-6 |
| 856 | |u https://www.greifswald.de/de/.galleries/Amt-60-Stadtbauamt/Greifswalder-Beitraege/2010_JG4_Sonderheft.pdf |x Verlag | ||
| 924 | 1 | |9 2080 |a (DE-603)1169968937 |b DE-2080 |c HES |d d |g / | |


